| 000 | 00365nab a22001097u 4500 | ||
|---|---|---|---|
| 008 | 130520b1983 xxu||||| |||| 00| 0 eng d | ||
| 041 | _aeng | ||
| 100 | 1 |
_aZimmerman, Michael E. _950143 |
|
| 245 | 0 | 0 |
_aHeidegger and Heraclitus on spiritual practice _cMichael E. Zimmerman |
| 773 | 0 |
_tPhilosophy Today _gV.27, nº2/4,1983,págs. 87-103 _x0031-8256 _wRev325 |
|
| 942 | _cAR | ||
| 999 |
_c302944 _d302944 |
||